| 000 | 00899nam0a2200289 4500 | ||
|---|---|---|---|
| 001 | RU\NLR\bibl\506064 | ||
| 005 | 20250609141324.0 | ||
| 010 |
_a5-9524-0377-7 _915000 |
||
| 021 |
_aRU _b2004-7422 _9377 |
||
| 035 | _a(NLR Aleph) 000498618 | ||
| 090 |
_a1159297 _c1159297 |
||
| 100 | _a20040329d2003 |||y0rusy50 ca | ||
| 101 | 1 |
_arus _ceng |
|
| 102 | _aRU | ||
| 105 | _ay ||||||||| | ||
| 200 | 1 |
_aПока сияют звезды _eРоман _fЭтель Хэмилл _g[Пер. с англ. А.В. Пушкиной] |
|
| 210 |
_aМ. _cЦентрполиграф _d2003 |
||
| 215 |
_a190, [1] с. _d17 |
||
| 225 | 1 | _aЦветы любви | |
| 686 | _aШ6(7США)67-440.4{Лх1979-50} | ||
| 700 | 1 |
_aХэмилл _bЭ. _gЭтель _4070 |
|
| 801 | 0 |
_aRU _bNLR _c20040329 _gPSBO |
|
| 801 | 1 |
_aRU _bNLR _c20040329 |
|
| 942 | _cBOOK | ||
| 980 | _aNB | ||